Score 0/36 Timer 06:00
2 Plays Today
Hint Answer % Correct
ColorsBlue
98.8%
ColorsRed
97.9%
ColorsBrown
92.4%
AnimalsBat
91.8%
ColorsYellow
91.3%
US PresidentsMonroe
90.2%
Big Four Sports TeamsRays
89.6%
ColorsSilver
89.2%
Big Four Sports TeamsPatriots
89%
Big Four Sports TeamsJazz
88.5%
Big Four Sports TeamsBulls
87%
Big Four Sports TeamsBrewers
86.4%
#1 Songs Since 2010Grenade
85.6%
US PresidentsGarfield
85.6%
US PresidentsBush
84.6%
Best Picture WinnersThe Sting
83.7%
#1 Songs Since 2010Tik Tok
83.6%
#1 Songs Since 2010Happy
82.3%
Hint Answer % Correct
Big Four Sports TeamsThunder
80.2%
Best Picture WinnersChicago
79.3%
AnimalsBoa
74.6%
Best Picture WinnersThe Silence of the Lambs
74.2%
AnimalsGoat
71.3%
AnimalsFox
68.8%
Best Picture WinnersThe King's Speech
66.1%
AnimalsSeal
63.3%
AnimalsKiwi
60.2%
US PresidentsFord
59.3%
#1 Songs Since 2010Thrift Shop
58.9%
#1 Songs Since 2010Closer
52%
ColorsMaroon
51.8%
US PresidentsArthur
50.9%
Best Picture WinnersThe Godfather
44.9%
US PresidentsPierce
43.8%
Best Picture WinnersOrdinary People
43.5%
#1 Songs Since 2010Somebody That I Used to Know
26.4%

You're not logged in!

Compare scores with friends on all Sporcle quizzes.
OR
Log In

Sporcle TV

Today on Sporcle TV


Watch our educational content, quiz creation guides, and fun videos on Sporcle TV.

Show Comments

Extras

Top Quizzes Today


Score Distribution

Paid Content

Your Account Isn't Verified!

In order to create a playlist on Sporcle, you need to verify the email address you used during registration. Go to your Sporcle Settings to finish the process.

Report this User

Report this user for behavior that violates our Community Guidelines.

Details: